000 01034cam a22002054a 4500
005 20250605164238.0
008 250528s ||||||||||||||||||||||||d
035 _a21216
020 _a9781587132063
040 _aGR-AtMCL
_bgre
_dGR-AtMCL
_eAACR2
245 1 _aRouting Protocols and Concepts / CCNA Exploration Companion Guide
260 _bCisco Press,
_c2008
300 _a608
520 _aThis course describes the architecture, components, and operation of routers, and explains the principles of routing and the primary routing protocols. Introduction, Introduction to Routing and Packet Forwarding, Static Routing, Introduction to Dynamic Routing Protocols, Distance Vector Routing Protocols, RIP Version 1, VLSM and CIDR, RIPv2, The Routing Table: A Closer Look, EIGRP, Link-State Routing Protocols, OSPF, Check Your Understanding and Challenge Questions Answer, Glossary of Key Terms, Index.
700 1 _aGraziani Rick
_96975
700 1 _aJohnson Allan
_93262
942 _cBK
999 _c6283
_d6283